000 00815cab a2200265 4500
001 WB3344-08
008 090401t1997 xxu||||| |||| 00| 0 eng d
035 _a(Sirsi) u82034
041 _aeng
245 _aNAV forecasts
260 _c1997
350 _a0
490 _aProperty Week
_v61(6) 7 November 1997, 10(1)
520 _aMerrill Lynch have upgraded their net asset value (NAV) forecasts to reflect the likelihood of a steep rise in property values. Table.
650 _aFORECASTS
650 _aMERRILL LYNCH
650 _aNET ASSET VALUE FORECASTS
650 _aNET ASSET VALUE
650 _aPORTFOLIOS
650 _aPROPERTY VALUES
650 _aPROPERTY YIELDS
690 _aPROPERTY-COMMERCIAL PROPERTY-COMMERCIAL PROPERTY FINANCE AND INVESTMENT
942 _n0
948 _c12/11/1997
999 _c51732
_d51732